Defining violence: understanding the causes and effects of violence

Saved in:  
Bibliographic Details
Contributors: Bradby, Hannah (Editor)
Format: Print Book
Language:English
Published: Aldershot [u.a.] Avebury 1996
In:Year: 1996
Online Access: Table of Contents
Availability in Tübingen:Present in Tübingen.
UB: KB 19 A 4843
Check availability: HBZ Gateway
Subito Delivery Service: Order now.
Keywords:

MARC

LEADER 00000cam a2200000 c 4500
001 193409216
003 DE-627
005 20251222204310.0
007 tu
008 960227s1996 xxk||||| 00| ||eng c
010 |a  96-83234  
016 7 |a 1859721087  |2 UK 
020 |a 1859721087  |c  : Formerly CIP (: No price)  |9 1-85972-108-7 
035 |a (DE-627)193409216 
035 |a (DE-576)054283582 
035 |a (DE-599)GBV193409216 
035 |a (OCoLC)832504584 
035 |a (OCoLC)34933966 
040 |a DE-627  |b ger  |c DE-627  |e rakwb 
041 |a eng 
044 |c XA-GB  |c XD-US  |c XB-HK 
050 0 |a HM281 
082 0 |a 303.6 
084 |a 3,6  |2 ssgn 
084 |a CV 4700  |2 rvk  |0 (DE-625)rvk/19161: 
084 |a PH 8720  |2 rvk  |0 (DE-625)rvk/136516: 
084 |a 77.46  |2 bkl 
084 |a 71.60  |2 bkl 
084 |a 71.33  |2 bkl 
084 |a 71.25  |2 bkl 
245 0 0 |a Defining violence  |b understanding the causes and effects of violence  |c ed. by Hannah Bradby 
263 |a : No price : Formerly CIP 
264 1 |a Aldershot [u.a.]  |b Avebury  |c 1996 
300 |a IX, 143 S.  |b graph. Darst.  |c 23 cm 
336 |a Text  |b txt  |2 rdacontent 
337 |a ohne Hilfsmittel zu benutzen  |b n  |2 rdamedia 
338 |a Band  |b nc  |2 rdacarrier 
500 |a Includes bibliographical references and index 
500 |a Includes bibliographies and index 
583 1 |a Archivierung prüfen  |c 20200919  |f DE-640  |z 1  |2 pdager 
583 1 |a Archivierung prüfen  |c 20240324  |f DE-4165  |z 1  |2 pdager 
650 0 |a Women  |x Crimes against 
650 0 |a Violence  |x Research 
650 0 |a Violence 
655 7 |a Aufsatzsammlung  |0 (DE-588)4143413-4  |0 (DE-627)105605727  |0 (DE-576)209726091  |2 gnd-content 
689 0 0 |d g  |0 (DE-588)4078704-7  |0 (DE-627)106076612  |0 (DE-576)209209682  |a USA  |2 gnd 
689 0 1 |d s  |0 (DE-588)4020832-1  |0 (DE-627)10631663X  |0 (DE-576)208934979  |a Gewalt  |2 gnd 
689 0 2 |d s  |0 (DE-588)4018202-2  |0 (DE-627)104270705  |0 (DE-576)208923209  |a Frau  |2 gnd 
689 0 |5 (DE-627) 
700 1 |a Bradby, Hannah  |e Hrsg.  |4 edt 
856 4 2 |u http://www.gbv.de/dms/hbz/toc/ht007177264.pdf  |m V:DE-605  |q pdf/application  |v 2008-11-15  |x Verlag  |y Inhaltsverzeichnis  |3 Inhaltsverzeichnis  |7 1 
935 |i Blocktest 
936 r v |a CV 4700  |b Antisoziale Motivation und antisoziales Verhalten (Aggression, Gewalt)  |k Psychologie  |k Sozialpsychologie  |k Antisoziale Motivation und antisoziales Verhalten (Aggression, Gewalt)  |0 (DE-627)1437674143  |0 (DE-625)rvk/19161:  |0 (DE-576)367674149 
936 r v |a PH 8720  |b Mord; Totschlag; Körperverletzung im Allgemeinen  |k Rechtswissenschaft  |k Strafrecht, Strafverfahrensrecht, Kriminologie  |k Kriminologie  |k Einzelne Deliktsgruppen  |k Gewaltkriminalität, Gewaltdelikt  |k Mord; Totschlag; Körperverletzung im Allgemeinen  |0 (DE-627)1272237931  |0 (DE-625)rvk/136516:  |0 (DE-576)202237931 
936 b k |a 77.46  |j Emotion  |0 (DE-627)106418432 
936 b k |a 71.60  |j Soziale Fragen  |j soziale Konflikte: Allgemeines  |0 (DE-627)106412213 
936 b k |a 71.33  |j Frau  |x Soziologie  |0 (DE-627)106412671 
936 b k |a 71.25  |j Sexualität  |x Soziologie  |0 (DE-627)106409050 
951 |a BO 
ELC |b 1 
LOK |0 000 xxxxxcx a22 zn 4500 
LOK |0 001 3142927697 
LOK |0 003 DE-627 
LOK |0 004 193409216 
LOK |0 005 20000315000000 
LOK |0 008 960912||||||||||||||||ger||||||| 
LOK |0 040   |a DE-21  |c DE-627  |d DE-21 
LOK |0 852   |a DE-21 
LOK |0 852 1  |c KB 19 A 4843  |9 00 
LOK |0 935   |a krim 
LOK |0 936ln  |a k10.10.6 
LOK |0 939   |a 12-09-96  |b l01 
ORI |a SA-MARC-krimdoka001.raw 
SIG |a UB: KB 19 A 4843